| 000 | 00732nam a2200265 a 4500 | ||
|---|---|---|---|
| 003 | AR-BaBNM | ||
| 005 | 20251128210328.0 | ||
| 008 | 082120s2002 ||||||||||||||000 | spa|| | ||
| 020 | _a950-9413-07-0 | ||
| 040 | _cAR-BaBNM | ||
| 100 | 1 | _aColombres, Adolfo | |
| 245 | 0 | 0 |
_aLa hora del "bárbaro" _bbases para una antropología social de apoyo |
| 260 |
_aBuenos Aires _bDel Sol _c1996 |
||
| 300 | _a346 p. | ||
| 490 | 0 |
_aAntropológica _vv. 12 |
|
| 650 | 4 | _aANTROPOLOGIA CULTURAL Y SOCIAL | |
| 650 | 4 | _aANTROPOLOGIA | |
| 650 | 4 | _aTRABAJADORES AGRICOLAS | |
| 650 | 4 | _aCULTURAS POPULARES | |
| 650 | 4 | _aABORIGENES | |
| 650 | 4 | _aGRUPOS ETNICOS | |
| 800 | 1 |
_aColombres, Adolfo _edirector |
|
| 942 | _cBK | ||
| 998 | _cMariana | ||
| 999 |
_c14981 _d14981 |
||